[Event "Lisbon Portugal op"]
[Site "Lisbon"]
[Date "2019.02.02"]
[Round "1"]
[White "Pires, Emanuel Joao Robart"]
[Black "Florissi, Aldo"]
[Result "1-0"]
[WhiteElo "2115"]
[BlackElo "1468"]
[PlyCount "53"]
[EventDate "2019.02.02"]
[EventType "swiss"]
[EventRounds "9"]
[EventCountry "POR"]
[SourceTitle "EXT 2021"]
[Source "ChessBase"]
[SourceDate "2020.10.23"]
[SourceVersion "1"]
[SourceVersionDate "2020.10.23"]
[SourceQuality "1"]

1. e4 d5 2. exd5 Qxd5 3. Nc3 Qa5 4. d4 c6 5. h3 Bf5 6. Nf3 e6 7. Bd3 Bg6 8. 0-0 Nd7 9. Re1 Ngf6 10. Ne5 Bxd3 11. Qxd3 Bd6 12. Bf4 Bb4 13. Nc4 Qh5 14. Bd6 c5 15. Nb5 Bxe1 16. Nc7+ Kd8 17. Nxa8 Bxf2+ 18. Kxf2 Nd5 19. dxc5 N7f6 20. c6 Qh4+ 21. Kg1 bxc6 22. Ne5 Ne4 23. Nxf7+ Kd7 24. Nxh8 Nxd6 25. Rd1 Ne4 26. Qd4 c5 27. Qxg7+ 1-0